000 01607nam a2200325 c 4500
999 _c187319
_d187319
003 BLK
005 20221018084443.0
008 180411b bul|||||r ||||||| ||bul||
010 _aKNG00196328000
040 _aBLK
041 _aBUL
_cBUL
080 _aСпорт. Физическа култура
_b796/799
_z796/799
100 1 _aРачев, Крум Иванов
_eпърви автор
_9365544
139 _aРачев, Крум Иванов и др.
_bР 41
245 1 0 _aПроблеми на подготовката на младите спортисти
_cКрум Иванов Рачев; под ред. на Крум Иванов Рачев.
257 _aBGR
260 _bМедицина и физкултура
_c1976
300 _a264 с.
_c20 см
380 _a79
490 _aВ помощ на треньора
_9205835
500 _aДруги авт. : Р. Мотилянска, Л. Панайотова, П. Гайдарска, В. Радулов, П. Христосков, Р. Петров, А. Акрабов, Д. Кирков, Т. Чакъров, Ц. Атанасова, отбелязани на гърба на загл. с. - 2 605 тир. - Библиогр. с. 260-262.
650 4 _aСпортисти - физически качества и подготовка
_9272295
653 _aспортисти
700 1 _aРачев, Крум Иванов
_eпод ред. на
_9365544
852 _aЦб 81146
856 4 _qpdf
_i0.00
_ldisable
856 4 _qpdf
_i0.00
_ldisable
942 _cKNG
_n0
_01
_s1
944 _aCR
_c16.11.2016
_kСтанимира_Цанева
944 _aED
_c16.11.2016
_kСтанимира_Цанева
999 _d187319